000 00469nam a22001697a 4500
003 CEME
005 20210628204118.0
008 210308b xxu||||| |||| 00| 0 eng d
040 _c.
082 _a954.92 SAJ'W
100 _aSajjad, Hussain Syed Dr
_968792
245 _aThe waste of time , reflection on the decline and fall of east pakistan
260 _aLAHORE
_bARMY EDUCATION PRESS
_c1995
300 _a294P
650 _aBANGALADESH
_968793
942 _cBK
_2ddc
999 _c576259
_d576259